<?xml version="1.0" encoding="UTF-8"?><?xml-stylesheet type="text/xsl" href="static/style.xsl"?><OAI-PMH xmlns="http://www.openarchives.org/OAI/2.0/" xmlns:xsi="http://www.w3.org/2001/XMLSchema-instance" xsi:schemaLocation="http://www.openarchives.org/OAI/2.0/ http://www.openarchives.org/OAI/2.0/OAI-PMH.xsd"><responseDate>2026-04-17T17:14:15Z</responseDate><request verb="GetRecord" identifier="oai:www.recercat.cat:2445/153587" metadataPrefix="marc">https://recercat.cat/oai/request</request><GetRecord><record><header><identifier>oai:recercat.cat:2445/153587</identifier><datestamp>2025-12-04T22:29:31Z</datestamp><setSpec>com_2072_1057</setSpec><setSpec>col_2072_478917</setSpec><setSpec>col_2072_478931</setSpec></header><metadata><record xmlns="http://www.loc.gov/MARC21/slim" xmlns:dcterms="http://purl.org/dc/terms/" xmlns:xsi="http://www.w3.org/2001/XMLSchema-instance" xmlns:doc="http://www.lyncode.com/xoai" xsi:schemaLocation="http://www.loc.gov/MARC21/slim http://www.loc.gov/standards/marcxml/schema/MARC21slim.xsd">
   <leader>00925njm 22002777a 4500</leader>
   <datafield ind2=" " ind1=" " tag="042">
      <subfield code="a">dc</subfield>
   </datafield>
   <datafield ind2=" " ind1=" " tag="720">
      <subfield code="a">Martínez Catena, Ana</subfield>
      <subfield code="e">author</subfield>
   </datafield>
   <datafield ind2=" " ind1=" " tag="720">
      <subfield code="a">Civit, N.</subfield>
      <subfield code="e">author</subfield>
   </datafield>
   <datafield ind2=" " ind1=" " tag="720">
      <subfield code="a">Iturbe Ferré, Núria</subfield>
      <subfield code="e">author</subfield>
   </datafield>
   <datafield ind2=" " ind1=" " tag="720">
      <subfield code="a">Muro, A.</subfield>
      <subfield code="e">author</subfield>
   </datafield>
   <datafield ind2=" " ind1=" " tag="720">
      <subfield code="a">Nguyen Vo, T.</subfield>
      <subfield code="e">author</subfield>
   </datafield>
   <datafield ind2=" " ind1=" " tag="260">
      <subfield code="c">2020-03-24T17:08:46Z</subfield>
   </datafield>
   <datafield ind2=" " ind1=" " tag="260">
      <subfield code="c">2020-03-24T17:08:46Z</subfield>
   </datafield>
   <datafield ind2=" " ind1=" " tag="260">
      <subfield code="c">2015-07</subfield>
   </datafield>
   <datafield ind2=" " ind1=" " tag="260">
      <subfield code="c">2020-03-24T17:08:46Z</subfield>
   </datafield>
   <datafield ind2=" " ind1=" " tag="520">
      <subfield code="a">En la actualidad, el número de medidas penales alternativas de Programa Formativo en materia de violencia doméstica que se imponen en Cataluña es muy elevado. Estos programas son interven-ciones específicas de reeducación y/o tratamiento psicológico que se encaminan a movilizar en el usuario una serie de cambios cognitivos, actitudinales, emocionales y conductuales. Estos cambios y conocimientos se dirigen a facilitar la reinserción del individuo en la comunidad y a prevenir la co-misión de nuevos comportamientos violentos. Los principales elementos presentes en las intervenciones y programas psicológicos eficaces han sido ampliamente identificados por la bibliografía internacional: evaluación del riesgo de los individuos, identificación de sus necesidades criminogénicas, objetivos orientados a estas necesidades, focali-zación de los programas en la enseñanza de habilidades de vida y reestructuración del pensamiento, adaptación de las intervenciones a las características de los individuos, potenciación de la motiva-ción por el cambio, etc. A pesar de ello, hasta el momento, los programas formativos en materia de violencia doméstica han demostrado un nivel de eficacia entre moderado y reducido.</subfield>
   </datafield>
   <datafield tag="653" ind2=" " ind1=" ">
      <subfield code="a">Homes maltractadors</subfield>
   </datafield>
   <datafield tag="653" ind2=" " ind1=" ">
      <subfield code="a">Intervenció psicològica</subfield>
   </datafield>
   <datafield tag="653" ind2=" " ind1=" ">
      <subfield code="a">Abusive men</subfield>
   </datafield>
   <datafield tag="653" ind2=" " ind1=" ">
      <subfield code="a">Psychological intervention</subfield>
   </datafield>
   <datafield ind2="0" ind1="0" tag="245">
      <subfield code="a">La motivación al cambio de los agresores de pareja que realizan un programa formativo: Diseño de un Plan de Intervención Motivacional (PIM)</subfield>
   </datafield>
</record></metadata></record></GetRecord></OAI-PMH>